000 00981nam a22003017a 4500
003 CHAP
005 20220329143807.0
008 110826s1964 is r 00010 spa d
010 _a101947
011 _a102919
035 _a113608
040 _cCHAP
090 _aFolleto 18033
100 1 _aAmiran, D.
_95344
245 1 3 _aConsideraciones geográficas previas al desarrollo de zonas áridas
_c/por D. Amiran
260 _aHerzelía, Israel :
_bEstado de Israel :
_bOEA,
_c1964
300 _a9 p.
590 _aBATCH-UPD
_b10
_c20130110
_lUCH01
_h1330
590 _aBATCH-UPD
_b10
_c20130410
_lUCH01
_h0835
590 _aBATCH-UPD
_b10
_c20130914
_lUCH01
_h1539
590 _aCONVERSION
_b10
_c20130109
_lUCH01
_h1356
650 1 4 _aGeografía agrícola.
_947568
650 1 4 _aRegiones áridas
_xAgricultura.
_995670
650 1 4 _aRegiones áridas
_xClima.
_995677
901 _aBK
942 _cFOLL
949 _aFolleto 18033
_bBC
_cFOLL
_d33724002306603
_eTS1
_gDonaciØn
_i113608
_sb
999 _c101947
_d101947